[Event "The Faulks Shield"]
[Site "Hamilton"]
[Date "2019.02.19"]
[Round "4"]
[White "Flanagan, Mark"]
[Black "Woodley, Adrian"]
[Result "1-0"]
[WhiteElo "1895"]
[BlackElo "1539"]
[PlyCount "51"]
[EventDate "2019.01.29"]
[EventType "swiss"]
[EventRounds "6"]
[EventCountry "BER"]
[SourceTitle "EXT 2021"]
[Source "ChessBase"]
[SourceDate "2020.10.23"]
[SourceVersion "1"]
[SourceVersionDate "2020.10.23"]
[SourceQuality "1"]

1. e4 e6 2. Nf3 d5 3. e5 c5 4. b4 b6 5. a3 Ba6 6. b5 Bb7 7. c3 c4 8. d4 cxd3 9. Bxd3 Qc7 10. 0-0 Nh6 11. Bxh6 gxh6 12. Nd4 Qxe5 13. Re1 Qg5 14. Nxe6 fxe6 15. Rxe6+ Be7 16. Nd2 Rg8 17. g3 d4 18. Ne4 Qg7 19. Nd6+ Kf8 20. Qh5 Nd7 21. Rae1 Nf6 22. Qe5 Ne8 23. Qf5+ Nf6 24. Rxe7 Qxe7 25. Rxe7 Kxe7 26. Nxb7 1-0

[Event "Hamilton Williams Memorial"]
[Site "Hamilton"]
[Date "2018.11.27"]
[Round "6.3"]
[White "Flanagan, Mark"]
[Black "Warren, Jamel"]
[Result "1-0"]
[WhiteElo "1903"]
[BlackElo "1580"]
[PlyCount "97"]
[EventDate "2018.10.23"]
[EventType "swiss"]
[EventRounds "6"]
[EventCountry "BER"]
[SourceTitle "EXT 2024"]
[Source "ChessBase"]
[SourceDate "2023.10.10"]
[SourceVersion "1"]
[SourceVersionDate "2023.10.10"]
[SourceQuality "1"]

1. g3 e5 2. c4 Nf6 3. Bg2 Bc5 4. Nc3 c6 5. e3 d5 6. d4 exd4 7. exd4 Bb4 8. cxd5 Nxd5 9. Nge2 0-0 10. 0-0 Nxc3 11. bxc3 Bd6 12. Bf4 Bg4 13. f3 Be6 14. Bxd6 Qxd6 15. Nf4 Bc4 16. Re1 Nd7 17. a4 a5 18. Rb1 b5 19. Bf1 Bxf1 20. Kxf1 b4 21. Qd3 Nf6 22. c4 c5 23. d5 Rfe8 24. Qc2 Rxe1+ 25. Rxe1 Re8 26. Nd3 Rxe1+ 27. Kxe1 Nd7 28. Qe2 Kf8 29. f4 f6 30. Kd2 Nb6 31. Nb2 Kf7 32. Kc2 g6 33. Kb3 f5 34. Qe5 Nc8 35. Nd3 Qf6 36. Qxf6+ Kxf6 37. Nxc5 Nd6 38. Nd7+ Ke7 39. Ne5 Nb7 40. Nc6+ Kd6 41. Nxb4 Nc5+ 42. Ka3 axb4+ 43. Kxb4 Nxa4 44. Kxa4 Kc5 45. Ka5 h6 46. h4 h5 47. Ka6 Kd6 48. Kb6 Kd7 49. c5 1-0

[Event "BER-ch"]
[Site "Hamilton"]
[Date "2018.06.05"]
[Round "6"]
[White "Flanagan, Mark"]
[Black "Gontcharov, Serguei"]
[Result "1/2-1/2"]
[WhiteElo "1848"]
[BlackElo "1882"]
[PlyCount "57"]
[EventDate "2018.05.01"]
[EventType "swiss"]
[EventRounds "7"]
[EventCountry "BER"]
[SourceTitle "EXT 2024"]
[Source "ChessBase"]
[SourceDate "2023.10.10"]
[SourceVersion "1"]
[SourceVersionDate "2023.10.10"]
[SourceQuality "1"]

1. e4 c5 2. a3 e6 3. b4 cxb4 4. axb4 d5 5. e5 Nc6 6. d4 Bxb4+ 7. c3 Bf8 8. Bd3 Nge7 9. Bg5 Qb6 10. Na3 Ng6 11. Nb5 Be7 12. Bxe7 Kxe7 13. Qc1 Ngxe5 14. dxe5 Nxe5 15. Qg5+ f6 16. Qxg7+ Nf7 17. Qg3 Bd7 18. Qe3 Bxb5 19. Qxb6 axb6 20. Rxa8 Rxa8 21. Bxb5 Ra1+ 22. Kd2 Nd6 23. Bd3 f5 24. f3 e5 25. Bc2 Nc4+ 26. Kd3 Ke6 27. Bb3 Na5 28. Bc2 Nc4 29. Bb3 1/2-1/2

[Event "BER-ch"]
[Site "Hamilton"]
[Date "2018.05.29"]
[Round "5"]
[White "Dacres, Don"]
[Black "Flanagan, Mark"]
[Result "1/2-1/2"]
[WhiteElo "1770"]
[BlackElo "1848"]
[PlyCount "66"]
[EventDate "2018.05.01"]
[EventType "swiss"]
[EventRounds "7"]
[EventCountry "BER"]
[SourceTitle "EXT 2024"]
[Source "ChessBase"]
[SourceDate "2023.10.10"]
[SourceVersion "1"]
[SourceVersionDate "2023.10.10"]
[SourceQuality "1"]

1. e4 g6 2. d4 Bg7 3. Nf3 c5 4. c3 cxd4 5. cxd4 Nf6 6. e5 Ne4 7. Bd3 d5 8. Nc3 Nxc3 9. bxc3 0-0 10. h4 Bg4 11. h5 Nc6 12. Rh4 Qd7 13. hxg6 fxg6 14. Be2 Bf5 15. Ng5 h6 16. Nf3 g5 17. Bxg5 hxg5 18. Nxg5 e6 19. Bg4 Qe7 20. f4 Qe8 21. Kf2 Bxg4 22. Qxg4 Rf5 23. Rah1 Qg6 24. Kg1 Rxg5 25. fxg5 Rf8 26. Rh6 Bxh6 27. Rxh6 Qf5 28. Qh5 Qf1+ 29. Kh2 Qf4+ 30. Kh3 Qf5+ 31. Kh2 Qf4+ 32. Kh3 Qf5+ 33. Kh2 Qf4+ 1/2-1/2

[Event "Hamilton The Joe Lattyak"]
[Site "Hamilton"]
[Date "2016.10.25"]
[Round "3"]
[White "Flanagan, Mark"]
[Black "Thomas, Jack"]
[Result "1-0"]
[WhiteElo "1835"]
[BlackElo "1500"]
[PlyCount "71"]
[EventDate "2016.10.11"]
[EventType "swiss"]
[EventRounds "6"]
[EventCountry "BER"]
[SourceTitle "EXT 2024"]
[Source "ChessBase"]
[SourceDate "2023.10.10"]
[SourceVersion "1"]
[SourceVersionDate "2023.10.10"]
[SourceQuality "1"]

1. d4 d5 2. Bf4 Nf6 3. e3 g6 4. Nf3 Bg7 5. c4 0-0 6. Nc3 b6 7. Be2 Bb7 8. h3 Ne4 9. Nxd5 Bxd5 10. cxd5 Qxd5 11. Bxc7 Na6 12. Bh2 Qa5+ 13. Nd2 Nxd2 14. Qxd2 Qxd2+ 15. Kxd2 Nc7 16. Bxc7 f6 17. Bc4+ Kh8 18. Be6 f5 19. h4 h5 20. Rac1 Rf6 21. Bd5 Rc8 22. Be5 Rff8 23. Rxc8 Rxc8 24. Bxg7+ Kxg7 25. Rc1 Rd8 26. Be6 a5 27. Rc7 Kf6 28. Rc6 Rd6 29. Rxd6 exd6 30. Bd5 g5 31. hxg5+ Kxg5 32. a4 Kf6 33. Kd3 Kg5 34. Kc4 f4 35. exf4+ Kxf4 36. Kb5 1-0

[Event "Olympiad-42"]
[Site "Baku"]
[Date "2016.09.05"]
[Round "4.2"]
[White "Fidow, Kassim Hassan"]
[Black "Flanagan, Mark"]
[Result "0-1"]
[WhiteElo "1567"]
[BlackElo "1768"]
[PlyCount "72"]
[EventDate "2016.09.02"]
[EventType "team-swiss"]
[EventRounds "11"]
[EventCountry "AZE"]
[SourceTitle "CBM 175"]
[Source "ChessBase"]
[SourceDate "2016.11.10"]
[SourceVersion "1"]
[SourceVersionDate "2016.11.10"]
[SourceQuality "1"]
[WhiteTeam "Somalia"]
[BlackTeam "Bermuda"]
[WhiteTeamCountry "SOM"]
[BlackTeamCountry "BER"]

1. d4 d5 2. c4 c6 3. Nc3 Nf6 4. e3 a6 5. Bd3 b5 6. cxd5 cxd5 7. a3 e6 8. Nf3 Nbd7 9. 0-0 Bb7 10. Re1 Be7 11. h3 0-0 12. e4 dxe4 13. Nxe4 Nxe4 14. Bxe4 Bxe4 15. Rxe4 Nf6 16. Rh4 Nd5 17. Re4 Rc8 18. Bd2 Nf6 19. Re1 Qd5 20. Bg5 Rfd8 21. Qd2 Qb7 22. Rac1 Nd5 23. Bxe7 Nxe7 24. Qg5 h6 25. Qh5 Nf5 26. Rxc8 Rxc8 27. Ne5 Rd8 28. Rc1 Nxd4 29. Rc3 Nf5 30. Rc6 g6 31. Nxg6 Qxc6 32. Ne5 Qc1+ 33. Kh2 Qf4+ 34. Kg1 Qxe5 35. g4 Rd1+ 36. Kg2 Qe4+ 0-1